header

Gibeah (Record no. 150004)

MARC details
000 -LEADER
fixed length control field 01294nam a2200325Ia 4500
100 1# - MAIN ENTRY--AUTHOR NAME
Personal name Arnold, Patrick M.
245 10 - TITLE STATEMENT
Title Gibeah
260 ## - PUBLICATION, DISTRIBUTION, ETC. (IMPRINT)
Place of publication Sheffield :
Name of publisher JSOT Press,
Year of publication 1990.
300 ## - PHYSICAL DESCRIPTION
Number of Pages 196 p. :
Other physical details ill.
490 1# - SERIES STATEMENT
Series statement Journal for the study of the Old Testament. Supplement series ;
650 #0 - SUBJECT ADDED ENTRY--TOPICAL TERM
Topical Term Excavations (Archaeology)
856 40 - ELECTRONIC LOCATION AND ACCESS
Uniform Resource Identifier http://site.ebrary.com/lib/rucke/Doc?id=10250959

No items available.

© 2026 Rongo University
Contact us: librarian | system librarian | Rongo university